| 000 | 00925nam a2200217Ia 4500 | ||
|---|---|---|---|
| 999 |
_c38310 _d38310 |
||
| 001 | 4320 | ||
| 003 | GE_BSU | ||
| 005 | 20191003161849.0 | ||
| 008 | 181216s1958||||ge |||||||||||||| ||geo|| | ||
| 040 | _cGE_BSU | ||
| 041 | _ageo | ||
| 080 | _a37(479.223) ბ–13 | ||
| 100 |
_aბაბილოძე, გრ. _94479 |
||
| 245 |
_aსახალხო განათლება აჭარის ასსრ რესპუბლიკაში : _b1921-1957 წწ. / _cრედ.: ლ. დავითაძე. |
||
| 264 |
_a ბათუმი : _bაჭარის სახელგამი, _c1958. |
||
| 300 |
_a292 გვ. ; _b22 სმ. |
||
| 504 | _a ბიბლიოგრ. შენიშვნებში. | ||
| 653 | _aგანათლების ისტორია აჭარაში | ||
| 700 |
_aდავითაძე, ლ. _eრედაქტორი _94480 |
||
| 942 |
_cBK _2udc |
||